Normal view
MARC view
- Adnan Tariq
Entry Personal Name
001 - CONTROL NUMBER
- control field: 30936
003 - CONTROL NUMBER IDENTIFIER
- control field: NUST
005 - DATE AND TIME OF LATEST TRANSACTION
- control field: 20200929125024.0
008 - FIXED-LENGTH DATA ELEMENTS
- fixed length control field: 200929|| aca||aabn | a|a d
040 ## - CATALOGING SOURCE
- Original cataloging agency: NUST
- Transcribing agency: NUST
100 ## - HEADING--PERSONAL NAME
- Personal name: Adnan Tariq
670 ## - SOURCE DATA FOUND
- Source citation: Work cat.: (NUST): Adnan Tariq, Fresh water generation from saline & contaminated textile wastewater using an active solar still coupled with a solar pond system, 2020
